Inorganic chemistry
Guardado en:
| Autores principales: | , |
|---|---|
| Formato: | Libro |
| Lenguaje: | inglés |
| Publicado: |
Edimburgo
Pearson Education Limited
2012
|
| Edición: | 4a. ed |
| Materias: | |
| Etiquetas: |
Agregar Etiqueta
Sin Etiquetas, Sea el primero en etiquetar este registro!
|
MARC
| LEADER | 00000cam a2200000 a 4500 | ||
|---|---|---|---|
| 001 | UCE3462 | ||
| 003 | CL-VaPUC | ||
| 008 | 140905e20120000uk |||||||||||||||||eng|d | ||
| 020 | |a 9780273742753 | ||
| 020 | |a 9780273742760 | ||
| 082 | 0 | 4 | |a 546 |b HOU |2 21 |
| 100 | |a Housecroft, Catherine E |e author |9 575945 | ||
| 700 | 0 | |a Sharpe, Alan G |e author |9 575946 | |
| 245 | 1 | 0 | |a Inorganic chemistry |
| 250 | |a 4a. ed | ||
| 300 | |a 1213 p | ||
| 942 | |c BK | ||
| 945 | |d 20140905 00:55:00 |a arojas | ||
| 260 | |a Edimburgo |b Pearson Education Limited |c 2012 | ||
| 650 | 0 | |a Química inorgánica |9 260154 | |
| 650 | 0 | |a Núcleos atómicos |9 357366 | |
| 650 | 0 | |a Reacciones químicas |9 259438 | |
| 650 | 0 | |a Teorías científicas |9 316549 | |
| 650 | 0 | |a Moléculas |9 259584 | |
| 650 | 7 | |a TEORIA ATOMICA |2 CL-VaPUC |9 313933 | |
| 650 | 7 | |a HALOGENOS |2 CL-VaPUC |9 360916 | |
| 650 | 0 | |a Átomos |9 259583 | |
| 650 | 0 | |a Composición de la materia |9 266564 | |
| 583 | |a last modification |c 20140905 00:55:00 |k Rodrigo Vera | ||
| 999 | |c 356749 |d 356747 | ||
| 952 | |0 0 |1 0 |3 erb |4 0 |6 546_000000000000000_HOU_2012 |7 0 |8 A |9 464326 |a BIBCUR |b BIBCUR |i 5112052 |o 546 HOU 2012 |p 5112052 |r 2025-04-22 |w 2019-11-23 |y BK |z Catalogado en:20140905 |k QUI | ||
| 952 | |0 0 |1 0 |3 erb |4 0 |6 546_000000000000000_HOU_2012 |7 0 |8 A |9 464327 |a BIBCUR |b BIBCUR |i 5112044 |o 546 HOU 2012 |p 5112044 |r 2025-04-22 |w 2019-11-23 |y BK |z Catalogado en:20140905 |k QUI | ||
| 952 | |0 0 |1 0 |3 erb |4 0 |6 546_000000000000000_HOU_2012 |7 0 |8 A |9 464328 |a BIBCUR |b BIBCUR |i 5112036 |o 546 HOU 2012 |p 5112036 |r 2025-04-22 |w 2019-11-23 |y BK |z Catalogado en:20140905 |k QUI | ||